| 000 | 00629nam a2200241 a 4500 | ||
|---|---|---|---|
| 001 | nice12345678 | ||
| 003 | IN_TiNIC | ||
| 005 | 20260116015247.0 | ||
| 008 | 050524s1928 lona grp 000 0 eng | ||
| 020 |
_a _c100 |
||
| 082 | 0 | 0 |
_a220 _bGOR |
| 100 | _aGore, Charles | ||
| 245 | _aNew Commentary on Holy Scriptures Including the Apocrypha | ||
| 260 |
_aLondon _bSociety for Promoting Christian Knowledg _c1928 |
||
| 300 | _a743p | ||
| 500 | _aincludes index and biblioraphy | ||
| 505 | 2 | _aConclusion | |
| 650 | _aBible-Commentaries | ||
| 700 | 1 | _aGore, Charles | |
| 902 | _bSRS | ||
| 942 | _cBK | ||
| 999 |
_c18961 _d18961 |
||